| 000 | 00543cam a22002174a 4500 | ||
|---|---|---|---|
| 005 | 20250605164313.0 | ||
| 008 | 250528s ||||||||||||||||||||||||d | ||
| 035 | _a22596 | ||
| 020 | _a9780130856890 | ||
| 040 |
_aGR-AtMCL _bgre _dGR-AtMCL _eAACR2 |
||
| 245 | 1 | _aBUDGETING / PROFIT PLANNING AND CONTROL | |
| 250 | _a5 | ||
| 260 |
_bPrentice Hall, _c1988 |
||
| 300 | _a661 | ||
| 700 | 1 |
_aGordon Paul N _98362 |
|
| 700 | 1 |
_aHilton Ronald W _91179 |
|
| 700 | 1 |
_aWelsch Glenn A _91190 |
|
| 942 | _cBK | ||
| 999 |
_c7644 _d7644 |
||